000 00203 a2200097 4500
001 45661
100 _aMason,
245 _aAir power
260 _aLondon
_bBrassey,s air power
_c
090 _c28837
_d28837
942 _aNUST-CAE
_cM
_c20932
999 _c280734
_d280734